[Event "14th FIDE Open"]
[Site "Voronezh RUS"]
[Date "2010.06.19"]
[Round "7"]
[White "Katkov,V"]
[Black "Obraztsov,Nikita"]
[Result "1-0"]
[WhiteElo "2108"]
[BlackElo "1852"]

1.d4 d5 2.Nf3 Nf6 3.c4 c6 4.Nc3 e6 5.e3 Nbd7 6.cxd5 exd5 7.Bd3 Bd6 8.O-O O-O
9.Rb1 Qe7 10.Re1 Ne4 11.Nd2 f5 12.Nf1 Qh4 13.g3 Qh3 14.f3 Ndf6 15.Qc2 g6
16.b4 Kg7 17.b5 c5 18.dxc5 Nxc5 19.Bb2 Be6 20.Ne2 Rac8 21.Nf4 Bxf4 22.exf4 Nxd3
23.Qxd3 Rce8 24.Rbc1 Rf7 25.Ne3 Rd8 26.Qd4 Kg8 27.Nc4 Qh6 28.Rxe6  1-0

[Event "45th Capablanca Mem Premier"]
[Site "Havana CUB"]
[Date "2010.06.20"]
[Round "9"]
[White "Nogueiras Santiago,J"]
[Black "Potkin,V"]
[Result "1-0"]
[WhiteElo "2570"]
[BlackElo "2634"]

1.c4 e6 2.Nc3 d5 3.d4 c6 4.e3 Nf6 5.Nf3 Nbd7 6.Ne5 Be7 7.f4 O-O 8.Bd3 dxc4
9.Bxc4 c5 10.O-O a6 11.a4 cxd4 12.exd4 Nb6 13.Bb3 Nbd5 14.Rf3 Qb6 15.a5 Qb4
16.g4 g6 17.f5 Nd7 18.Nxf7 Rxf7 19.fxe6 Rxf3 20.exd7 Kg7 21.dxc8=Q Rxc8 22.Bxd5 Rff8
23.Bg2 Bh4 24.Ra4 Qe7 25.Ne4 Qc7 26.Be3 Qc2 27.Ra1 Qxb2 28.d5 Kg8 29.Bd4 Qb4
30.Rb1 Qxa5 31.g5 Rf7 32.Nf6+ Kf8 33.Qg4 Rc2 34.Qe4 Rxg2+ 35.Kxg2 Re7 36.Qxe7+ Kxe7
37.Rxb7+ Kf8 38.Bc5+  1-0

[Event "Open"]
[Site "Teplice CZE"]
[Date "2010.06.20"]
[Round "9"]
[White "Milfort,V"]
[Black "Zima,To2"]
[Result "1/2-1/2"]
[WhiteElo "1656"]
[BlackElo "1793"]

1.d4 d5 2.Nf3 Nf6 3.c4 c6 4.Nc3 e6 5.e3 Bb4 6.Bd2 c5 7.Be2 O-O 8.O-O cxd4
9.exd4 dxc4 10.Bxc4 Nc6 11.a3 Ba5 12.b4 Bb6 13.Be3 Ne7 14.Bd3 Bd7 15.Rc1 Bc6
16.Be2 Rc8 17.b5 Bd5 18.Na4 Rxc1 19.Qxc1 Bxf3 20.Bxf3 Bxd4 21.Bxb7 Bxe3 22.Qxe3 Qa5
23.Qb3 Rb8 24.Nc5 Nd7 25.Qg3 Qxb5 26.Qc7 Qxc5 27.Qxd7 Qxa3 28.Rd1 Nd5 29.Bxd5 exd5
30.Qxd5 Qb4 31.g3 g6 32.Ra1 Qb6  1/2-1/2

[Event "Open"]
[Site "Eforie Nord ROU"]
[Date "2010.06.21"]
[Round "5"]
[White "Cosma,I"]
[Black "Pepene,G"]
[Result "1-0"]
[WhiteElo "2420"]
[BlackElo "2125"]

1.d4 d5 2.c4 c6 3.Nf3 Nf6 4.e3 e6 5.Nc3 Nbd7 6.Qc2 Bd6 7.Bd3 dxc4 8.Bxc4 b5
9.Be2 a6 10.O-O Bb7 11.Rd1 Qe7 12.e4 e5 13.dxe5 Nxe5 14.Nd4 Bc7 15.Nf5 Qf8
16.h3 Rc8 17.Be3 h6 18.f4 Ned7 19.e5 Nd5 20.Nxd5 cxd5 21.Rac1 g6 22.Nd6+ Bxd6
23.Qxc8+ Bxc8 24.Rxc8+ Ke7 25.exd6+ Kxd6 26.Rxf8  1-0

[Event "70th ch-ITA S/F"]
[Site "Torino ITA"]
[Date "2010.06.21"]
[Round "2"]
[White "Rota,S"]
[Black "Bianco,V"]
[Result "0-1"]
[WhiteElo "2019"]
[BlackElo "2210"]

1.d4 d5 2.c4 c6 3.Nf3 Nf6 4.e3 e6 5.Nc3 Nbd7 6.Qc2 b6 7.Be2 Bb7 8.b3 Be7
9.O-O Qc7 10.Bb2 Rd8 11.Rfd1 O-O 12.Rac1 Qb8 13.h3 Rfe8 14.Bd3 h6 15.Qe2 Bd6
16.e4 e5 17.dxe5 Nxe5 18.cxd5 cxd5 19.Bb5 Nxf3+ 20.Qxf3 dxe4 21.Qe2 Re7 22.Na4 Be5
23.Ba3 Rc7 24.Bc4 Rcd7 25.Rxd7 Rxd7 26.Bb5 Rc7 27.Rd1 Qc8 28.Rd2 Kh7 29.Qd1 Qf5
30.Bc4 Qg5 31.Bf1 e3 32.Rc2 Qf4 33.fxe3 Qxe3+ 34.Kh1 Qxh3+ 35.Kg1 Qe3+ 36.Kh1 Rxc2
37.Qxc2+ Be4 38.Qd1 Bd4  0-1

[Event "Sveins Minneturnering"]
[Site "Oslo NOR"]
[Date "2010.06.22"]
[Round "8"]
[White "Langmyhr,T"]
[Black "Omtvedt,P"]
[Result "1/2-1/2"]
[WhiteElo "1989"]
[BlackElo "2123"]

1.c4 e6 2.Nc3 d5 3.e3 Nf6 4.Nf3 c6 5.d4 Nbd7 6.Bd3 dxc4 7.Bxc4 b5 8.Bd3 b4
9.Ne2 Bb7 10.O-O c5 11.Ng3 Be7 12.b3 O-O 13.Bb2 Rc8 14.Qe2 cxd4 15.Nxd4 Nc5
16.Bc4 Bd5 17.Rac1 Qa5 18.Ba1 Rfd8 19.Rfd1 Qb6 20.Kh1 a5 21.Bxd5 Nxd5 22.Qg4 Nf6
23.Qf3 Na6 24.h3 Rc7 25.Rxc7 Qxc7 26.Bb2 Rd5 27.Rc1 Nc5 28.Qe2 Qb7 29.f3 h6
30.e4 Rd8 31.Nf1  1/2-1/2

[Event "Open"]
[Site "Eforie Nord ROU"]
[Date "2010.06.23"]
[Round "7"]
[White "Beinoras,M"]
[Black "Iovcov,V"]
[Result "1-0"]
[WhiteElo "2386"]
[BlackElo "1932"]

1.d4 d5 2.c4 c6 3.Nc3 Nf6 4.Nf3 e6 5.e3 Nbd7 6.Qc2 Bd6 7.b3 O-O 8.Be2 Qe7
9.O-O b6 10.Bb2 Bb7 11.Rfd1 Rac8 12.Rac1 Rfd8 13.Qb1 c5 14.cxd5 exd5 15.Qf5 Bb8
16.Na4 Ne4 17.dxc5 bxc5 18.Bd3 Nf8 19.Qh5 Ng6 20.Nd2 Re8 21.Nxe4 dxe4 22.Bb5 Bc6
23.Bxc6 Rxc6 24.Rxc5 Rxc5 25.Nxc5 Be5 26.Bd4 Rd8 27.Bxe5 Rxd1+ 28.Qxd1 Qxe5
29.Qd8+  1-0

[Event "King's Gambit A"]
[Site "Lipetsk RUS"]
[Date "2010.06.24"]
[Round "2"]
[White "Airapetian,G"]
[Black "Kargin,A"]
[Result "1-0"]
[WhiteElo "2429"]
[BlackElo "2392"]

1.d4 d5 2.c4 c6 3.Nc3 Nf6 4.e3 e6 5.Nf3 Nbd7 6.Qc2 Bd6 7.Bd3 O-O 8.O-O dxc4
9.Bxc4 b5 10.Bd3 Bb7 11.a3 a5 12.e4 e5 13.dxe5 Nxe5 14.Nxe5 Bxe5 15.h3 Re8
16.Be3 Qe7 17.Ne2 Rad8 18.Rad1 Bb8 19.Bb6 Rc8 20.Bc5 Qc7 21.f4 Nd7 22.Be3 Nf8
23.b4 axb4 24.axb4 c5 25.bxc5 Ba7 26.Rc1 Nd7 27.e5 Nxe5 28.fxe5 Qxe5 29.Bf2 Qg5
30.Ng3 Bb8 31.Bxh7+ Kh8 32.Be4 Rxe4 33.Nxe4 Qe5 34.Bg3 Qd4+ 35.Qf2 Qxe4 36.Bxb8 Rxb8
37.Rfe1 Qc6 38.Qf3 b4 39.Qxc6 Bxc6 40.Re2 b3 41.Rb2 Be4 42.Rc3 Bc2 43.Kf2 Kg8
44.Ke3 Rd8 45.Rcxc2 bxc2 46.Rxc2 Kf8 47.Rd2 Re8+ 48.Kd4 Ke7 49.Kc4 f5 50.Kb5 Rb8+
51.Ka6 f4 52.c6 Rb3 53.c7 Rc3 54.Kb7 Rb3+ 55.Kc8 f3 56.gxf3 Rxf3 57.h4 Rf4
58.Kb7 Rb4+ 59.Kc6 Rc4+ 60.Kb6 Rc1 61.Rd8  1-0

[Event "King's Gambit A"]
[Site "Lipetsk RUS"]
[Date "2010.06.26"]
[Round "4"]
[White "Slugin,S"]
[Black "Kargin,A"]
[Result "0-1"]
[WhiteElo "2439"]
[BlackElo "2392"]

1.d4 d5 2.c4 c6 3.Nc3 Nf6 4.e3 e6 5.Nf3 Nbd7 6.Bd3 dxc4 7.Bxc4 b5 8.Bd3 Bd6
9.a3 Bb7 10.O-O O-O 11.Qc2 a5 12.e4 e5 13.Ne2 c5 14.dxe5 Nxe5 15.Nxe5 Bxe5
16.Bxb5 Bxe4 17.Qa4 Qc7 18.Bg5 Rab8 19.f4 Bxb2 20.Ra2 Rxb5 21.Qxb5 Rb8 22.Qxb2 Rxb2
23.Rxb2 Nd5 24.Rc1 h6 25.Bh4 c4 26.Bf2 c3 27.Rb5 Qc4 28.Rb8+ Kh7 29.Nd4 Nxf4  0-1

[Event "King's Gambit A"]
[Site "Lipetsk RUS"]
[Date "2010.06.26"]
[Round "4"]
[White "Romanko,M"]
[Black "Ovod,E"]
[Result "1/2-1/2"]
[WhiteElo "2411"]
[BlackElo "2418"]

1.d4 d5 2.c4 c6 3.Nf3 Nf6 4.Nc3 e6 5.e3 Nbd7 6.Qc2 Bd6 7.g4 h6 8.Bd2 dxc4
9.Bxc4 b5 10.Be2 Bb7 11.e4 Be7 12.e5 b4 13.exf6 bxc3 14.bxc3 Bxf6 15.Rb1  1/2-1/2

[Event "1st Open"]
[Site "Marrakesh MAR"]
[Date "2010.06.26"]
[Round "1"]
[White "Georgiev,Ki"]
[Black "El Amari,K"]
[Result "1-0"]
[WhiteElo "2662"]
[BlackElo "2164"]

1.d4 d5 2.c4 c6 3.Nf3 Nf6 4.Nc3 e6 5.e3 Nbd7 6.Qc2 Be7 7.Be2 O-O 8.O-O a6
9.b3 c5 10.cxd5 exd5 11.Rd1 Qc7 12.Ba3 Qa5 13.Na4 b5 14.Bxc5 Qc7 15.Rac1 Nxc5
16.Nxc5 Bg4 17.Ne5 Bxe2 18.Qxe2 Rfc8 19.g3 Qb6 20.b4 a5 21.a3 axb4 22.axb4 Rc7
23.Rc2 Rca7 24.Kg2 h6 25.Rdc1 Ne4 26.Nxe4 dxe4 27.Rc8+ Rxc8 28.Rxc8+ Kh7
29.Nxf7  1-0

[Event "1st Open"]
[Site "Marrakesh MAR"]
[Date "2010.06.28"]
[Round "5"]
[White "Choukri,A"]
[Black "Sriram,J"]
[Result "1-0"]
[WhiteElo "2105"]
[BlackElo "2507"]

1.d4 d5 2.c4 c6 3.Nc3 Nf6 4.e3 e6 5.Nf3 a6 6.a4 c5 7.Bd3 Nc6 8.O-O cxd4 9.exd4 Be7
10.Re1 O-O 11.Bg5 Nb4 12.cxd5 Nbxd5 13.Ne5 Bd7 14.Nxd5 Nxd5 15.Qh5 f5 16.Bxe7 Qxe7
17.Bc4 Bc6 18.Nxc6 bxc6 19.Qe2 Rf6 20.Bxd5 cxd5 21.Qd2 Rb8 22.Qa5 Qd6 23.Re2 Rb4
24.Rd2 Rh6 25.g3 Rc4 26.b3 Rb4 27.Rd3 Rf6 28.Rc1 Rf8 29.Rc6 Qxc6 30.Qxb4 Rc8
31.Re3 Kf7 32.Kg2 Rc7 33.Qe1 h6 34.Qe2 Qb6 35.Qh5+ Kf8 36.Qh4 Rc2 37.Qf4 Kf7
38.a5 Qc7 39.Re5 g5 40.Qf3  1-0

[Event "5th Open"]
[Site "Wroclaw POL"]
[Date "2010.06.28"]
[Round "3"]
[White "Bartel,Mat"]
[Black "Bures,J"]
[Result "1-0"]
[WhiteElo "2609"]
[BlackElo "2327"]

1.d4 d5 2.c4 c6 3.Nc3 Nf6 4.e3 e6 5.Nf3 Nbd7 6.Bd3 dxc4 7.Bxc4 b5 8.Be2 Bb7
9.O-O a6 10.e4 b4 11.e5 bxc3 12.exf6 cxb2 13.fxg7 Bxg7 14.Bxb2 c5 15.Rb1 Be4
16.dxc5 Bxb1 17.Bxg7 Rg8 18.c6 Bxa2 19.cxd7+ Qxd7 20.Qa1 Bd5 21.Rc1 f5 22.Ne5 Qxg7
23.Bh5+ Kd8 24.Qa5+ Ke7 25.Rc7+ Kf6 26.Rxg7 Rxg7 27.Qc3 Rb7 28.h4 Ke7 29.Bf3 Rd8
30.Qa3+ Kf6 31.Bxd5 Rxd5 32.f4  1-0

[Event "5th Open"]
[Site "Wroclaw POL"]
[Date "2010.06.28"]
[Round "4"]
[White "Przezdziecka,M"]
[Black "Limontaite,S"]
[Result "1-0"]
[WhiteElo "2278"]
[BlackElo "2230"]

1.d4 d5 2.c4 c6 3.Nf3 Nf6 4.e3 e6 5.Nc3 Nbd7 6.Bd3 dxc4 7.Bxc4 b5 8.Be2 Bb7
9.O-O Be7 10.e4 b4 11.e5 bxc3 12.exf6 Nxf6 13.bxc3 O-O 14.Rb1 Qc7 15.Bf4 Qxf4
16.Rxb7 Qd6 17.Ne5 c5 18.Bf3 a5 19.Nc4 Qd8 20.Rb5 Ra7 21.dxc5 Qc7 22.c6 a4
23.Ne3 Bd6 24.g3 Rd8 25.Qc2 Qe7 26.Rfb1 Bc5 27.Rb7 Rxb7 28.Rxb7 Qf8 29.Qxa4 e5
30.c7 Ra8 31.Qb3  1-0

[Event "IsBank TCh-TUR"]
[Site "Konya TUR"]
[Date "2010.06.29"]
[Round "1"]
[White "Temizkan,D"]
[Black "Firat,B"]
[Result "0-1"]
[WhiteElo "1814"]
[BlackElo "2403"]

1.d4 d5 2.c4 e6 3.Nc3 c6 4.Nf3 Nf6 5.e3 Nbd7 6.Bd3 dxc4 7.Bxc4 b5 8.Bd3 a6
9.O-O c5 10.b3 Bb7 11.Bb2 Be7 12.Rc1 O-O 13.Qe2 Rc8 14.Rfd1 Qb6 15.Ne5 Rfd8
16.Nxd7 Nxd7 17.Bb1 cxd4 18.exd4 Bg5 19.Rc2 Nf6 20.Qd3 Qd6 21.Re2 Rc7 22.f3 Qb6
23.Kh1 Bh6 24.Ne4 Nd5 25.Nc5 g6 26.Nxb7 Qxb7 27.Qe4 Bg7 28.Ree1 Qb6 29.Qd3 h5
30.Qd2 Rcd7 31.Bc2 Qd6 32.Bb1 Bf6 33.Re4 Ne7 34.Bc3 Nd5 35.Bb2 Kg7 36.Qf2 Ne7
37.g4 hxg4 38.fxg4 Nd5 39.Rf1 Rh8 40.Kg1 Bh4 41.Qg2 Bg5 42.Rf3 Rc7 43.Qg3 Qxg3+
44.hxg3 Bc1 45.Ba1 Ba3 46.Rf1 Bb4 47.Re2 Bc3 48.Re4 Bb4 49.Re2 Bc3 50.Bxc3 Rxc3
51.Kf2 Rh2+  0-1

[Event "King's Gambit B"]
[Site "Lipetsk RUS"]
[Date "2010.06.29"]
[Round "7"]
[White "Pogosian,M"]
[Black "Nikitin,Y2"]
[Result "0-1"]
[WhiteElo "2373"]
[BlackElo "2283"]

1.d4 d5 2.c4 c6 3.Nc3 Nf6 4.Nf3 e6 5.e3 Nbd7 6.Bd3 dxc4 7.Bxc4 b5 8.Bd3 b4
9.Ne4 Be7 10.Nxf6+ Nxf6 11.O-O O-O 12.Qe2 c5 13.dxc5 Bxc5 14.e4 Bb7 15.e5 Nd7
16.Bxh7+ Kxh7 17.Ng5+ Kg6 18.Qd3+ f5 19.Nxe6 Qe7 20.Qg3+ Kf7 21.Ng5+ Ke8
22.Bf4 Nb6 23.Qh3 g6 24.Rac1 Rc8 25.Rc2 Nd5 26.Qg3 Bb6 27.Rxc8+ Bxc8 28.Rc1 Bb7
29.e6 Rf6 30.Re1 Qc5 31.Be5 f4 32.Qh4 Rf5 33.Nf7 Rh5 34.Nd6+ Qxd6 35.Qxh5 Bxf2+  0-1

[Event "5th Open"]
[Site "Wroclaw POL"]
[Date "2010.06.29"]
[Round "5"]
[White "Macieja,B"]
[Black "Wojtaszek,R"]
[Result "0-1"]
[WhiteElo "2618"]
[BlackElo "2663"]

1.Nf3 Nf6 2.c4 c6 3.Nc3 d5 4.e3 e6 5.d4 Nbd7 6.Qc2 Bd6 7.Bd3 dxc4 8.Bxc4 O-O
9.O-O b5 10.Be2 Bb7 11.e4 e5 12.Rd1 Qc7 13.Bg5 exd4 14.Rxd4 Ne5 15.Bxf6 gxf6
16.Nxe5 Bxe5 17.Rd3 Rad8 18.Rh3 Qd6 19.f4 Bxf4 20.e5 Qd4+ 21.Kh1 h6 22.exf6 Bc8
23.Rf3 Rfe8 24.Raf1 Bg5 25.Bd3 Bg4 26.Rg3 Re3 27.Rxe3 Qxe3 28.Bf5 Rd2 29.Qe4 Rf2
30.Bh7+ Kh8 31.Re1 Qxe4 32.Nxe4 Rxb2 33.Nxg5 hxg5 34.Bb1 Be2 35.Kg1 c5 36.Be4 c4
37.Bd5 Bh5 38.Re7 Kg8 39.h4 gxh4 40.Be4 Bg6 41.Bxg6 fxg6 42.Rxa7 h3 43.Kh2 hxg2
44.a4 c3 45.axb5 g1=Q+ 46.Kxg1 c2  0-1

[Event "38th World Open"]
[Site "King of Prussia USA"]
[Date "2010.06.30"]
[Round "2"]
[White "Panjwani,R"]
[Black "Robson,R"]
[Result "1/2-1/2"]
[WhiteElo "2401"]
[BlackElo "2569"]

1.Nf3 d5 2.c4 e6 3.d4 Nf6 4.Nc3 c6 5.e3 Nbd7 6.Qc2 Bd6 7.b3 O-O 8.Be2 e5
9.cxd5 cxd5 10.Nb5 Bb4+ 11.Bd2 Bxd2+ 12.Nxd2 a6 13.dxe5 Nxe5 14.Nd4 Bg4 15.Bxg4 Nfxg4
16.O-O Rc8 17.Qd1 Qd6 18.h3 Nf6 19.a4 Rc7 20.Rc1 Rfc8 21.Rxc7 Rxc7 22.N2f3 Ne4
23.Nxe5 Qxe5 24.Qa1 Qf6 25.f3 Nd6 26.Rc1 Re7 27.Rc3 h5 28.Qc1 Qg5 29.Qd2 g6
30.Nc2 Rd7 31.Rc5 Nf5 32.Qd3 Qg3 33.Kf1 Qh2 34.Kf2 Qg3+ 35.Kf1 Qh2 36.Kf2 Qg3+  1/2-1/2

[Event "IsBank TCh-TUR"]
[Site "Konya TUR"]
[Date "2010.06.30"]
[Round "3"]
[White "Deruni,B"]
[Black "Okus,M"]
[Result "1-0"]
[WhiteElo "2107"]
[BlackElo "1878"]

1.Nf3 Nf6 2.d4 e6 3.c4 d5 4.Nc3 c6 5.e3 Bd6 6.Qc2 O-O 7.Bd3 Nbd7 8.Bf1 Nb8
9.Bd3 Nbd7 10.O-O e5 11.cxd5 cxd5 12.e4 exd4 13.Nxd5 Ne5 14.Nxe5 Bxe5 15.f4 Nxd5
16.exd5 Bf6 17.Bxh7+ Kh8 18.Be4 g6 19.f5 g5 20.h4 Rg8 21.hxg5 Bxg5 22.Qd3 f6
23.Qh3+ Kg7 24.Bxg5 Rh8 25.Bh4  1-0

[Event "HSG Open"]
[Site "Hilversum NED"]
[Date "2010.07.01"]
[Round "6"]
[White "Nyzhnyk,I"]
[Black "Steingrimsson,H"]
[Result "1-0"]
[WhiteElo "2544"]
[BlackElo "2550"]

1.d4 Nf6 2.c4 e6 3.Nf3 d5 4.Nc3 c6 5.e3 Nbd7 6.b3 Bb4 7.Bd2 O-O 8.Be2 Qe7
9.Qc2 a6 10.O-O Re8 11.Rfd1 b6 12.Na4 Bxd2 13.Nxd2 Bb7 14.cxd5 exd5 15.Rac1 a5
16.Qb2 h5 17.a3 h4 18.h3 Nh7 19.Nf3 f5 20.Ne5 Nxe5 21.dxe5 Qxe5 22.Qxe5 Rxe5
23.Nxb6 Ra7 24.Rd4 Re4 25.Bd3 Rxd4 26.exd4 g6 27.Nd7 Ng5 28.Nc5 Kf7 29.f4 Ne6
30.Nxe6 Kxe6 31.Kf2 Kd6 32.g3 Ba6 33.Bxa6 hxg3+ 34.Kxg3 Rxa6 35.Kh4 a4 36.b4 Ra8
37.Kg5 Re8 38.Kxg6 Re3 39.h4 Rxa3 40.Kxf5 Rd3 41.h5 Rxd4 42.h6 Rxb4 43.h7 Rb8
44.Rh1 Rh8 45.Kg6 d4 46.f5 c5 47.f6  1-0

[Event "IsBank TCh-TUR"]
[Site "Konya TUR"]
[Date "2010.07.01"]
[Round "4"]
[White "Tuncer,U"]
[Black "Goksel,D"]
[Result "1-0"]
[WhiteElo "2315"]
[BlackElo "2253"]

1.d4 Nf6 2.c4 c6 3.Nf3 d5 4.Nc3 e6 5.e3 Nbd7 6.Qc2 Bd6 7.g4 b6 8.g5 Ng8 9.Bd2 Bb7
10.e4 Ne7 11.cxd5 cxd5 12.Nb5 Bb8 13.e5 Nc6 14.a3 a6 15.Nc3 b5 16.Rd1 Ba7
17.Bc1 Rc8 18.h4 Qa5 19.h5 Ncxe5 20.Nxe5 Nxe5 21.dxe5 d4 22.Rh3 dxc3 23.Rxc3 O-O
24.b4 Rxc3 25.Qxc3 Qa4 26.Rd7 Bxf2+ 27.Kxf2 Bd5 28.h6 Qd1 29.hxg7 Kxg7 30.Bg2 Rc8
31.Rxd5 exd5 32.Qxc8 Qd4+ 33.Be3 Qh4+ 34.Kf1 Qc4+ 35.Qxc4  1-0

[Event "1st Open"]
[Site "Marrakesh MAR"]
[Date "2010.07.01"]
[Round "8"]
[White "Cossin,S"]
[Black "Krasenkow,M"]
[Result "0-1"]
[WhiteElo "2494"]
[BlackElo "2628"]

1.d4 d5 2.c4 c6 3.Nf3 Nf6 4.Nc3 e6 5.e3 Nbd7 6.Qc2 Bd6 7.Bd2 O-O 8.O-O-O c5
9.Kb1 a6 10.cxd5 exd5 11.Ng5 h6 12.h4 Nb6 13.Nxd5 Nbxd5 14.Bc4 Ne7 15.dxc5 hxg5
16.hxg5 Bf5 17.Bd3 Bxd3 18.Qxd3 Be5 19.Qc2 Ng6 20.f4 Ng4 21.Bc1 Qe7 22.Qe2 Bxf4
23.Qxg4 Bxg5 24.Rd7 Qe6 25.Qxe6 fxe6 26.Rxb7 Rfb8 27.Rc7 Ne5  0-1

[Event "38th World Open"]
[Site "King of Prussia USA"]
[Date "2010.07.02"]
[Round "4"]
[White "Gustafsson,J"]
[Black "Najer,E"]
[Result "1/2-1/2"]
[WhiteElo "2640"]
[BlackElo "2663"]

1.d4 d5 2.c4 c6 3.Nc3 Nf6 4.e3 e6 5.Nf3 Nbd7 6.Qc2 Bd6 7.Bd3 O-O 8.O-O dxc4
9.Bxc4 b5 10.Be2 Bb7 11.Rd1 Qc7 12.Bd2 a6 13.b4 a5 14.a3 axb4 15.axb4 Rxa1
16.Rxa1 e5 17.h3 Re8 18.Qb3 e4 19.Ng5 Nb6 20.Qc2 Qe7 21.Ra7 Bb8 22.Rxb7 Qxb7
23.Ncxe4 Nxe4 24.Nxe4 h6 25.Nc5 Qe7 26.g3 Bd6 27.Bf3 Nd5 28.Nd3 Nxb4 29.Bxb4 Bxb4
30.Qxc6 Rb8 31.Bd5 Bd6 32.e4 Qc7 33.Qa6 Bxg3 34.e5 Qd7 35.Nb4 Qxh3 36.fxg3 Qxg3+
37.Kf1 Qf4+ 38.Ke2 Qxd4 39.Nc6 Qg4+ 40.Ke3 Qg1+ 41.Ke2 Qg4+ 42.Ke3 Qg3+ 43.Ke2 Re8
44.Qb7 Qg4+ 45.Ke3 Qg5+ 46.Ke2 Rxe5+ 47.Nxe5 Qxe5+ 48.Kf3 Qf6+ 49.Kg2 g6
50.Qxb5 Kg7 51.Bb3 h5 52.Qd5 h4 53.Kh3 g5 54.Kg4 Qf4+  1/2-1/2

[Event "38th World Open"]
[Site "King of Prussia USA"]
[Date "2010.07.02"]
[Round "4"]
[White "Sedlak,N"]
[Black "Schneider,Ig"]
[Result "1-0"]
[WhiteElo "2567"]
[BlackElo "2392"]

1.d4 d5 2.c4 e6 3.Nc3 c6 4.e3 Nf6 5.Nf3 Nbd7 6.Qc2 h6 7.Bd2 Bb4 8.Bd3 Qe7
9.O-O O-O 10.Ne5 Nxe5 11.dxe5 Nd7 12.f4 a5 13.Kh1 f6 14.a3 Bc5 15.e4 dxc4
16.exf6 Nxf6 17.Bxc4 Ng4 18.h3 Nf2+ 19.Rxf2 Bxf2 20.e5 Kh8 21.Rf1 Bd4 22.Ne4 Bd7
23.Nd6 b5 24.Be2 c5 25.Qe4 Ra6 26.Bd3 g6 27.a4 Rxd6 28.exd6 Qg7 29.axb5 Bxb2
30.Bxa5 e5 31.fxe5 Rxf1+ 32.Bxf1 Bxe5 33.Qd5 Kh7 34.Bc4 h5 35.Qxc5 Qf6 36.Bd2 Bxd6
37.Qe3 Qa1+ 38.Bc1 Qg7 39.b6 Bc6 40.Qe6 Qe7 41.Qg8+  1-0

[Event "IsBank TCh-TUR"]
[Site "Konya TUR"]
[Date "2010.07.02"]
[Round "5"]
[White "Drozdovskij,Y"]
[Black "Karakehajov,K"]
[Result "1/2-1/2"]
[WhiteElo "2625"]
[BlackElo "2505"]

1.d4 d5 2.c4 e6 3.Nf3 c6 4.e3 Nf6 5.Nc3 Nbd7 6.Bd3 Be7 7.O-O O-O 8.Qe2 b6
9.e4 dxe4 10.Nxe4 Bb7 11.Rd1 Qc7 12.Bg5 c5 13.dxc5 Nxc5 14.Nxf6+ Bxf6 15.Bxf6 gxf6
16.Bc2 Qf4 17.b4 Bxf3 18.gxf3 Na6 19.a3 Rad8 20.Qe3 Qe5 21.f4 Qb2 22.Bd3 f5
23.Kh1 Kh8 24.Be2 Nb8 25.Rab1 Qf6 26.Bf3 Rxd1+ 27.Rxd1 Rd8 28.Rxd8+ Qxd8
29.Qe5+ Kg8 30.c5 bxc5 31.bxc5 Na6 32.c6 Nc7 33.Kg2 a6 34.a4 f6 35.Qc5 Kf7
36.Bh5+ Kg7 37.Bf3 Kf7 38.Bh5+ Kg7 39.Bf3  1/2-1/2

[Event "38th World Open"]
[Site "King of Prussia USA"]
[Date "2010.07.04"]
[Round "7"]
[White "Van Wely,L"]
[Black "Amanov,M"]
[Result "1-0"]
[WhiteElo "2653"]
[BlackElo "2479"]

1.d4 d5 2.c4 c6 3.Nc3 Nf6 4.e3 e6 5.Nf3 Nbd7 6.Bd3 dxc4 7.Bxc4 b5 8.Bd3 a6
9.e4 c5 10.e5 cxd4 11.Nxb5 axb5 12.exf6 gxf6 13.O-O Qb6 14.Qe2 b4 15.Rd1 Bc5
16.Bf4 h5 17.Rac1 Rg8 18.Bg3 Bb7 19.Bb5 Bd5 20.a4 bxa3 21.b4 Bd6 22.Nxd4 Be5
23.Nf3 a2 24.Bxd7+ Kxd7 25.Nxe5+ fxe5 26.Qxe5 a1=Q 27.Rxa1 Rxa1 28.Qxa1 h4
29.Qf6 hxg3 30.Rxd5+ Ke8 31.hxg3 Rxg3 32.Ra5 Rd3 33.Ra8+ Kd7 34.Qxf7+ Kd6
35.Rc8 Rd5 36.Re8 Ke5 37.Qg7+ Ke4 38.Qg4+ Ke5 39.Qg7+ Ke4 40.Qg4+ Ke5 41.g3 Rd4
42.Qh5+ Kd6 43.Rxe6+  1-0

[Event "ch-NOR"]
[Site "Fredrikstad NOR"]
[Date "2010.07.05"]
[Round "3"]
[White "Lie,K"]
[Black "Ekeberg,C"]
[Result "1-0"]
[WhiteElo "2529"]
[BlackElo "2310"]

1.d4 d5 2.c4 e6 3.Nc3 c6 4.e3 Nf6 5.Nf3 Nbd7 6.Qc2 Bd6 7.Bd3 O-O 8.O-O h6
9.Rd1 Qe7 10.h3 b6 11.e4 dxe4 12.Nxe4 Nxe4 13.Bxe4 Bb7 14.Qe2 Rad8 15.Be3 f5
16.Bc2 c5 17.dxc5 bxc5 18.Nh4 Rf6 19.f4 Nf8 20.Qh5 Qc7 21.Rd2 Rf7 22.Rad1 Bc6
23.Qe2 Rfd7 24.Qf2 Be7 25.Rxd7 Bxd7 26.Nf3 Ng6 27.Ne1 Rc8 28.Rd2 Be8 29.Nd3 Bh4
30.g3 Be7 31.Bd1 Kh7 32.Bh5 Qa5 33.a3 Rd8 34.Qe2 Qa4 35.Rc2 Qa5 36.Bf2 Nf8
37.Bxe8 Rxe8 38.Ne5 Qa4 39.Rd2 Rc8 40.g4 g6 41.gxf5 exf5 42.Qf3 Qa6 43.Qd5 Ne6
44.Re2 Ng7 45.Qd7 Bf6 46.Qf7 Bxe5 47.Rxe5 Qd6 48.Re7 Rg8 49.Kg2 Qxf4 50.Be3 Qd6
51.b4 cxb4 52.axb4 Qc6+ 53.Qd5 Qf6 54.Qd7 Qb2+ 55.Kg3 Qc3 56.Kf2 Qc2+ 57.Qd2 Qxc4
58.Bd4 Qb3 59.Bc3 Qc4 60.Rxa7 Qh4+ 61.Kg2 f4 62.Qf2 Qg5+ 63.Kh2 h5 64.Rf7 h4
65.Bf6 Qh5 66.Re7  1-0

[Event "9th Open"]
[Site "La Fere FRA"]
[Date "2010.07.05"]
[Round "3"]
[White "Dagnicourt,F"]
[Black "Descamps,S"]
[Result "1-0"]
[WhiteElo "1748"]
[BlackElo "1587"]

1.d4 c6 2.c4 d5 3.Nf3 Nf6 4.Nc3 e6 5.e3 Be7 6.Bd3 O-O 7.O-O Re8 8.cxd5 exd5
9.Bd2 Qc7 10.Rc1 a6 11.e4 Be6 12.e5 Nfd7 13.Bg5 f6 14.Bf4 g5 15.Bg3 f5 16.h3 f4
17.Bh2 Rf8 18.Qc2 Kh8 19.Bxh7 Bg8 20.Bxg8 Rxg8 21.Nxd5 Qd8 22.Nxe7 Qxe7 23.Qf5 Nb6
24.e6 a5 25.Ne5  1-0

[Event "9th Open"]
[Site "La Fere FRA"]
[Date "2010.07.05"]
[Round "4"]
[White "Cardon,Pi"]
[Black "Demanghon,J"]
[Result "0-1"]
[WhiteElo "1871"]
[BlackElo "2183"]

1.d4 d5 2.c4 c6 3.Nc3 Nf6 4.e3 e6 5.Nf3 Nbd7 6.Qc2 Bd6 7.Be2 O-O 8.O-O dxc4
9.Bxc4 b5 10.Be2 Bb7 11.a3 a6 12.b4 a5 13.Rb1 axb4 14.axb4 Qe7 15.Qb3 Nd5
16.Bd2 N7f6 17.Bd3 Nxc3 18.Qxc3 Nd5 19.Qb2 f5 20.Ne5 Ra6 21.e4 fxe4 22.Bxe4 Rfa8
23.Rfc1 Ra2 24.Qb3 Bxe5 25.Qh3 g6 26.dxe5 Rxd2 27.Qh6 Rd4 28.Bxg6 Rh4 29.Bxh7+ Kh8
30.Qg6 Rxh7 31.Rb3 Rg8 32.Qe4  0-1

[Event "Sparkassen Open"]
[Site "Nettetal GER"]
[Date "2010.07.05"]
[Round "3"]
[White "Stelter,W"]
[Black "Anders,S"]
[Result "1/2-1/2"]
[WhiteElo "1738"]
[BlackElo "1969"]

1.d4 d5 2.c4 e6 3.Nf3 Nf6 4.Nc3 c6 5.e3 Bd6 6.Bd3 O-O 7.O-O Nbd7 8.e4 dxe4
9.Nxe4 Nxe4 10.Bxe4 h6 11.Re1 Nf6 12.Bc2 Re8 13.Ne5 Bxe5 14.dxe5 Qxd1 15.Rxd1 Nd7
16.Bf4 Nb6 17.b3 Bd7 18.Be3 Rad8 19.Rd2 Bc8 20.Rad1 Rxd2 21.Rxd2 Nd7 22.f4 a6
23.b4 Kf8 24.a4 Ke7 25.g4 b6 26.Be4 c5 27.b5 Kd8 28.Rd6 Kc7 29.Rc6+ Kd8 30.Rd6 Kc7
31.Bc6 Rd8 32.h4 Nb8 33.Rxd8 Kxd8 34.Bf3 axb5 35.axb5 Nd7 36.Bf2 Ke7 37.Bg3 Nf8
38.g5 hxg5 39.fxg5 g6 40.Kh2 Bd7 41.Kh3 Be8 42.Kg4 Nh7 43.Kf4 Nf8 44.Ke4 Bd7
45.Be1 Bc8 46.Ke3 Kd8 47.Bd2 Bd7 48.Kf4 Be8 49.Kg4 Nd7 50.Bc3 Nf8 51.Kf4  1/2-1/2

[Event "9th Open"]
[Site "La Fere FRA"]
[Date "2010.07.06"]
[Round "5"]
[White "Soveaux,J"]
[Black "Eeckhout,J"]
[Result "0-1"]
[WhiteElo "1932"]
[BlackElo "1713"]

1.d4 d5 2.c4 e6 3.Nc3 c6 4.e3 Nf6 5.Nf3 Nbd7 6.Qc2 a6 7.a3 Bd6 8.cxd5 exd5
9.Bd3 O-O 10.O-O Re8 11.Re1 h6 12.b3 Re7 13.Bb2 Qe8 14.Re2 Ne4 15.Nd2 f5
16.f4 Ndf6 17.Bxe4 fxe4 18.Nf1 Qh5 19.Rf2 Ng4 20.Qe2 Qg6 21.Ng3 Nxf2 22.Qxf2 Rf7
23.Nce2 Bg4 24.Kh1 Be7 25.h3 Bxe2 26.Nxe2 Raf8 27.Rg1 h5 28.g3 Qh6 29.h4 Kh8
30.Qg2 Rf6 31.Qh3 Bd6 32.a4 R6f7 33.Bc1 Qf6 34.Kh2 b6 35.Bd2 Qf5 36.Qg2 Qg4
37.Rf1 Rf5 38.Ng1 Be7 39.Nh3 Rc8 40.Re1 c5 41.dxc5 bxc5 42.Bc3 Rb8 43.Qb2 Bf6
44.Bxf6 gxf6 45.Qc2 Rc8 46.Qc3 Qg8 47.Rd1 Kh7 48.Nf2 Qe6 49.Qc2 Qb6 50.Rxd5 Qe6
51.Rxf5 Qxf5 52.Qxe4 Qxe4 53.Nxe4 Kg7 54.Kh3 c4 55.bxc4 Rxc4 56.Nd6 Rxa4
57.g4 hxg4+ 58.Kxg4 Ra1 59.h5 a5 60.Kf5 Rb1 61.Ne8+ Kf7 62.Nxf6 Rb5+  0-1

[Event "ch-SWE JSM"]
[Site "Lund SWE"]
[Date "2010.07.06"]
[Round "4"]
[White "Thorn,E"]
[Black "Pettersson,A"]
[Result "1-0"]
[WhiteElo "2076"]
[BlackElo "2100"]

1.d4 d5 2.c4 c6 3.Nc3 e6 4.e3 Nf6 5.Nf3 Nbd7 6.Qc2 a6 7.b3 g6 8.Bd3 Bg7 9.Ba3 c5
10.O-O Qa5 11.Qb2 dxc4 12.b4 Qd8 13.Bxc4 b5 14.Bxb5 axb5 15.Nxb5 O-O 16.bxc5 Ba6
17.c6 Bxb5 18.Bxf8 Bxf1 19.Bxg7 Kxg7 20.Kxf1 Nb6 21.a4 Rxa4 22.Rxa4 Nxa4
23.Qb7 Ne8 24.Ne5 Nd6 25.Nxf7 Nxb7 26.Nxd8 Nd6 27.Nxe6+ Kf6 28.Nf4 Nc3 29.f3 Ncb5
30.Ke2 Na7 31.Nd5+ Ke6 32.Nb4 h5 33.e4 g5 34.Nd3 Ndb5 35.Ke3 Kd6 36.d5 Nc7
37.h4 gxh4 38.Nf4 Nab5 39.Nxh5 Nxd5+ 40.exd5 Kxd5 41.Nf4+ Kxc6 42.Ke4 Nd6+
43.Ke5 Nc4+ 44.Kd4 Nd2 45.Ng6 h3 46.Ne5+ Kd6 47.gxh3 Ke6 48.Ke3 Nb1 49.Nc4 Nc3
50.f4 Nd5+ 51.Kf3 Kf6 52.Ne3 Nc3 53.h4 Kg6 54.Kg4 Ne4 55.h5+ Kh6 56.Nf5+ Kh7
57.Ng3 Nc5 58.Kf5 Kg7 59.Ne4 Nb3 60.Kg5 Nd4 61.h6+ Kh7 62.Kh5 Nf5 63.Ng5+ Kh8
64.Kg6 Ne7+ 65.Kf7 Nc6 66.f5 Ne5+ 67.Ke7 Nc6+ 68.Ke8 Nb4 69.f6 Nd5 70.f7 Nf6+
71.Kd8 Nd7 72.Ne6 Nf8 73.h7 Nxh7 74.Ke7  1-0